Lupita, la novia de Culiacán (Record no. 9022)

MARC details
000 -CABECERA
campo de control de longitud fija 00866nam a2200253 a 4500
001 - NÚMERO DE CONTROL
campo de control BRL_209
005 - FECHA Y HORA DE LA ÚLTIMA TRANSACCIÓN
campo de control 20190320210633.0
008 - DATOS DE LONGITUD FIJA--INFORMACIÓN GENERAL
campo de control de longitud fija 051206s2004 mx-a######---#000-1#spa-#
041 ## - CÓDIGO DE LENGUA
Código de lengua del texto/banda sonora o título independiente spa
044 ## - CÓDIGO DEL PAÍS DE LA ENTIDAD EDITORA/PRODUCTORA
Código MARC del país mx
050 #4 - SIGNATURA TOPOGRÁFICA DE LA BIBLIOTECA DEL CONGRESO
Número de clasificación F1391.C94
Número de documento/Ítem .L87 2004
245 10 - MENCIÓN DE TÍTULO
Título Lupita, la novia de Culiacán
Mención de responsabilidad, etc. recopilación del material Ulises Cisneros, Javier Campos y Maximiliano Alvarado.
260 ## - PUBLICACIÓN, DISTRIBUCIÓN, ETC.
Lugar de publicación, distribución, etc. México
Nombre del editor, distribuidor, etc. Dirección de Investigación y Fomento de Cultura Regional
Fecha de publicación, distribución, etc. [2004?]
300 ## - DESCRIPCIÓN FÍSICA
Extensión 132 p.
Otras características físicas il.
Dimensiones 21 cm.
440 #0 - MENCIÓN DE SERIE/PUNTO DE ACCESO ADICIONAL--TÍTULO
Título Rescate y divulgación
9 (RLIN) 23231
500 ## - NOTA GENERAL
Nota general Au246
600 14 - PUNTO DE ACCESO ADICIONAL DE MATERIA--NOMBRE DE PERSONA
Nombre de persona Leyva Flores, Guadalupe
Fechas asociadas al nombre 1900-1982
9 (RLIN) 23232
651 #4 - PUNTO DE ACCESO ADICIONAL DE MATERIA--NOMBRE GEOGRÁFICO
Nombre geográfico Culiacán, Sinaloa (México)
Subdivisión de forma Anécdotas
9 (RLIN) 23233
700 1# - PUNTO DE ACCESO ADICIONAL--NOMBRE DE PERSONA
Nombre de persona Cisneros, Ulises
Término indicativo de función/relación comp.
9 (RLIN) 23234
700 1# - PUNTO DE ACCESO ADICIONAL--NOMBRE DE PERSONA
Nombre de persona Campos, Javier
Término indicativo de función/relación comp.
9 (RLIN) 23235
700 1# - PUNTO DE ACCESO ADICIONAL--NOMBRE DE PERSONA
Nombre de persona Alvarado, Maximiliano
Término indicativo de función/relación comp.
9 (RLIN) 23236
902 ## - CATALOGADOR
Iniciales GRL
942 ## - ELEMENTOS DE PUNTO DE ACCESO ADICIONAL (KOHA)
Fuente del sistema de clasificación o colocación Library of Congress Classification
Tipo de ítem Koha Libros
Holdings
Estado de retiro Estado de pérdida Estado dañado No para préstamo Localización permanente Ubicación/localización actual Fecha de adquisición Número de inventario Total de préstamos Signatura topográfica completa Código de barras Fecha visto por última vez Precio válido a partir de Tipo de ítem Koha
El ejemplar forma parte de la colección y puede ser consultado según las políticas vigentes.       Biblioteca Centro de Estudios Ruth D. Lechuga Biblioteca Centro de Estudios Ruth D. Lechuga 18/12/2012 Au246   F1391.C94 .L87 2004 (Au246) GRL00222 22/03/2019 22/03/2019 Libros